Gardens climbers, tress & shrubs
| Format: | Book |
|---|---|
| Language: | English |
| Published: |
Malaysia ,
1990
|
| Subjects: |
MARC
| LEADER | 00000cam a2200000 7i4500 | ||
|---|---|---|---|
| 001 | 0000010419 | ||
| 005 | 20230703.0 | ||
| 008 | 030513 my eng | ||
| 040 | |a INS | ||
| 090 | 0 | 0 | |a SB435 |b .G37 1990 |
| 245 | 0 | 0 | |a Gardens climbers, tress & shrubs |
| 260 | |a Malaysia , |c 1990 | ||
| 300 | |a 24 p. : |b ill. ; |c 30 cm. | ||
| 650 | 0 | |a Gardens |x Design | |
| 650 | 0 | |a Landscape gardening | |
| 999 | |a 0000003816 |b BOOK |c Open Shelf |e Default branch | ||